01229nam a2200169 a 4500020002700000020003000027082001200057100002700069245004000096250001400136260004200150300001300192520074500205650002200950700001700972856007000989 a0716724960 (hardcover) a9780716724964 (hardcover) a540 ATK1 aAtkins, Peter William.10aGeneral chemistry, second edition / a2 Sub ed. a[S.l.] :bScientific Amer Inc,c1992. a922 p. ; aThis manual is an introduction and comprehensive reference book in the area of general chemistry. Features include: strategy sections, which help students to problem solve; end of chapter problems at varied difficulty levels in order to test the knowledge students have aquired; case studies with case problems; and numerous pedagogical aids. New to this edition is the addition of extra case problems and guest boxes, and the rewriting of chapters 1-4 with reorganized discussion of the role of electron pairs. Available with this text are a study guide, a solutions manual, an instructors manual, a test bank, overhead transparencies, videotaped lecture demonstrations and a videodisc of lecture demonstrations and chemical illustrations. ageneral chemistry1 aBeran, J. A.40uhttp://www.amazon.com/exec/obidos/ASIN/0716724960/chopaconline-20